000 00377cam a2200157ua 4500
003 OSt
008 240115b |||||||| |||| 00| 0 eng d
041 _amal
082 _a894.812301
_bURO/MA
100 _aUroob, .
_94296
245 _aMaulaviyum changathimarum /
250 _a1 /
260 _aThrissur :
_bCurrent Books ,
_c1963.
300 _a112 ; .
942 _cBK
999 _c12630
_d12630